[Event "tht Extraliga 16/17,Tatran Litovel-Lysa nad Labem B"]
[Site "Lysa nad Labem"]
[Date "2017.02.26"]
[Round "8.3"]
[White "Studnicka, Tomas"]
[Black "Londyn, Radek"]
[WhiteElo "2327"]
[BlackElo "2423"]
[Result "0-1"]

1. c4  e6  2. Nc3  d5
3. cxd5  exd5  4. d4
Bb4  5. a3  Bxc3+
6. bxc3  Nf6  7. Nf3
c5  8. g3  O-O
9. Bg2  Ne4  10. Bb2  cxd4
11. Nxd4  Nd7  12. Qc2
Re8  13. O-O  Nb6
14. Rab1  Bd7  15. f3
Ba4  16. Qc1  Nd6
17. Qf4  Nbc4  18. Bc1
Bd7  19. e4  f6
20. h4  Qa5  21. Rb3  Rac8
22. g4  Qc5  23. g5
fxg5  24. Qxg5  dxe4
25. fxe4  b6  26. Re1
Na5  27. Rb1  Nf7
28. Qxc5  Rxc5  29. Re3
Rec8  30. Ne2  Rh5
31. Bf3  Rxh4  32. e5
Re8  33. Bd5  Be6
34. Rb4  Nc4  35. Bxc4
Rxc4  36. Nd4  Bd5
37. Nf5  Kf8  38. Rxc4
Bxc4  39. Nd6  Nxd6
40. exd6  Rxe3  41. Bxe3
Kf7  42. Kf2  Ke6
43. Bf4  Bb5  44. Ke3
Kf5  45. Bh2  g5
46. c4  Bc6  47. Kd4
h5  48. c5  b5
49. d7  Bxd7  50. Kd5  h4
51. Bc7  g4  52. Bd8
h3  53. Bc7  a5
54. c6  Bxc6+  55. Kxc6  b4
0-1

[Event "tht Extraliga 16/17,Tatran Litovel-Lysa nad Labem B"]
[Site "Lysa nad Labem"]
[Date "2017.02.26"]
[Round "8.4"]
[White "Cerveny, Martin"]
[Black "Straka, Vojtech"]
[WhiteElo "2384"]
[BlackElo "2342"]
[Result "1/2-1/2"]

1. d4  Nf6  2. Nf3  e6
3. c4  c5  4. d5
exd5  5. cxd5  d6
6. Nc3  g6  7. h3
Bg7  8. e4  O-O
9. Bd3  a6  10. a4  Nh5
11. O-O  Nd7  12. Bg5
Bf6  13. Bh6  Bg7
14. Bg5  Bf6  15. Be3
Re8  16. g4  Ng7
17. Bh6  Ne5  18. Re1
Bd7  19. Bf1  Qe7
20. a5  Reb8 21. Nxe5  Bxe5
22. Qd2 b6  23. Be3  bxa5
24. f4  Bd4 25. Bxd4  cxd4
26. Qxd4  Rxb2  27. e5
Rb4  28. Qf2  Bb5
29. Ne4  Ne8  30. Bg2
Rc8  31. g5  Kh8
32. Nf6  h5  33. Rac1
Rxc1  34. Rxc1  Rc4
35. Rxc4  Bxc4  36. Qd4
Bb5  37. e6  Ng7 38. Bf1
fxe6  39. Bxb5  axb5
40. Qb6  Qf8  41. dxe6 Nxe6 42.
Qa7  Ng7  43. Qxa5  Qc8
44. Qxb5  Qc1+  45. Kg2
Qd2+  46. Kf3  Qd1+
47. Qe2  Qh1+  48. Qg2
Qe1  49. Qc2 Qh1+ 50. Qg2  Qe1
51. Qe2  Qh1+  52. Qg2
1/2-1/2

[Event "tht Extraliga 16/17,Tatran Litovel-Lysa nad Labem B"]
[Site "Lysa nad Labem"]
[Date "2017.02.26"]
[Round "8.5"]
[White "Cifka, Stanislav"]
[Black "Worek, Joanna"]
[WhiteElo "2413"]
[BlackElo "2350"]
[Result "1-0"]

1. Nf3  Nf6  2. c4  e6
3. Nc3  c5  4. g3
b6  5. Bg2  Bb7
6. O-O  Be7  7. b3  O-O
8. Bb2  d6  9. e3
Nbd7  10. d4  a6
11. d5  exd5  12. Nh4
Re8  13. Nf5  Bf8
14. Nxd5  Bxd5  15. Bxd5
Nxd5  16. Qxd5  Nf6
17. Bxf6  Qxf6  18. Rad1
Rad8  19. Nh4  b5
20. Rd2  bxc4  21. Qxc4
a5  22. Rfd1  Re5
23. Qa6  Rde8  24. Qxa5
g5  25. Ng2  Qf3
26. Qa6  R8e6  27. Qe2
Qc6  28. Ne1  Rf6
29. Qg4  h6  30. Qh3
d5  31. Qg2  Rd6
32. Nd3  Re4  33. Rc1
c4  34. bxc4  Rxc4
35. Rcd1  Rc2  36. Qf1
Rxd2  37. Rxd2  d4
38. Ne5  Qc5  39. exd4
Rxd4  40. Rxd4  Qxd4
41. Qe2  Bd6  42. Ng4
Bf8  43. Ne3  Qe5
44. Qc4  h5  45. Nd5
Bd6  46. Kg2  g4
47. a4  Kh7  48. Ne3
Kg6  49. Qc6  Qf6
50. a5  Bb8  51. Qe4+
Kg5  52. Qb7  Qe5
53. a6  h4  54. Qd5
h3+  55. Kf1  f6
56. Qxe5+  fxe5  57. Nd5
1-0

[Event "tht Extraliga 16/17,Tatran Litovel-Lysa nad Labem B"]
[Site "Lysa nad Labem"]
[Date "2017.02.26"]
[Round "8.6"]
[White "Petenyi, Tamas"]
[Black "Hollan, Petr"]
[WhiteElo "2446"]
[BlackElo "2308"]
[Result "0-1"]

1. e4  c5  2. b3  Nf6
3. Nc3  d5  4. exd5
g6  5. Bb2  Bg7
6. Bb5+  Nbd7  7. d6  exd6
8. Qe2+  Qe7  9. Qxe7+
Kxe7  10. O-O-O  Re8
11. Nf3  Kf8  12. d4
a6  13. Bxd7  Bxd7
14. dxc5  dxc5  15. Rd6
Bc6  16. h3  Nh5
17. Nd1  Nf4  18. Ba3
Nxg2  19. Bxc5  Kg8
20. Nd4  Bf8  21. Nxc6
Bxd6  22. Bxd6  bxc6
23. c4  Re2  24. Bg3
Ne1  25. Kb1  Rd8
26. Nc3  Re6  27. Kb2
Rd2+  28. Ka3  Nc2+
29. Ka4  Ne1  30. Ka5
Rc2  31. Na4  Rxa2
32. Kb6  Nd3  33. Rd1
c5+  34. Kb7  Re7+
35. Kb6  Re6+  36. Kb7
Nxf2  37. Rd8+  Kg7
38. Nxc5  Re7+  39. Kb6
Ne4  40. Bh4  g5
41. Nxe4  Rxe4  42. Bxg5
Rb2  43. Rd3  Rxc4
44. Be7  f5  45. Kxa6
Re4  46. Bc5  Kf7
47. Kb5  f4  48. b4
Rg2  49. Rd8  Rg8
50. Rd7+  Kg6  51. Rd6+
Kg5  52. Rd7  h6
53. Kc6  Re6+  54. Kd5
Re2  55. Rf7  Rge8
56. b5  Rd8+  57. Kc4
Rc8  58. Kd3  Re5
59. Bd4  Rxb5  60. Rg7+
Kh4  61. Ke4  Rb4
62. Rg6  Rd8  63. Rxh6+
Kg5  0-1

[Event "tht Extraliga 16/17,Tatran Litovel-Lysa nad Labem B"]
[Site "Lysa nad Labem"]
[Date "2017.02.26"]
[Round "8.7"]
[White "Belunek, Vladimir"]
[Black "Bednar, Marcel"]
[WhiteElo "2232"]
[BlackElo "2271"]
[Result "1-0"]

1. d4  Nf6  2. c4  g6
3. Nc3  d5  4. Nf3
Bg7  5. cxd5  Nxd5
6. e4  Nxc3  7. bxc3
c5  8. Rb1  O-O
9. Be2  Bg4  10. O-O  cxd4
11. cxd4  Nc6  12. d5
Na5  13. h3  Bxf3
14. Bxf3  Qd7  15. Bf4
Rac8  16. Bg4  f5
17. exf5  h5  18. Bf3
Rxf5  19. Bg3  Rc4
20. Qe2  Bc3  21. Rfd1
b6  22. Be4  Rf6
23. d6  e6  24. Bd3
Rc5  25. Rb5  e5
26. Rxc5  bxc5  27. Bb5
Qd8  28. Bh4  Bd4
29. d7  Nb7  30. Qe4
Nd6  31. Bxf6  Bxf2+
32. Kh1  Qxf6  33. Qa8+
1-0

[Event "tht Extraliga 16/17,Tatran Litovel-Lysa nad Labem B"]
[Site "Lysa nad Labem"]
[Date "2017.02.26"]
[Round "8.8"]
[White "Balacek, Tadeas"]
[Black "Neoral, Antonin"]
[WhiteElo "2335"]
[BlackElo "2142"]
[Result "1/2-1/2"]

1. d4  Nf6  2. Nf3  g6
3. c4  Bg7  4. Nc3
O-O  5. Bg5  h6
6. Bh4  d6  7. e3  Nbd7
8. Be2  e5  9. O-O
g5  10. Bg3  Nh5
11. dxe5  Nxg3  12. hxg3
dxe5  13. e4  Nc5
14. Ne1  c6  15. Nc2
Ne6  16. Bg4  Nd4
17. Ne3  Be6  18. Bf5
Qe7  19. Re1  a6
20. Rc1  Rfd8  21. Qh5
b5  22. b3  Rd7
23. Bg4  Bxg4  24. Nxg4  Qe6
25. Nd1  Qg6  26. Qh3
Rad8  27. f3  h5
28. Nge3  Bf8  29. c5
Bh6  30. g4  h4
31. Nf5  Bf8  32. b4  Qe6
33. Nc3  a5  34. a3
axb4  35. axb4  Qb3
36. Qh2  Qe6  37. Ne2
Nxe2+  38. Rxe2  Rd1+
39. Re1  Rxe1+  40. Rxe1
Rd2  41. Kh1  f6
42. Qg1  Qb3  43. Rb1
Qd3  44. Qf1  Qxf1+
45. Rxf1  Rb2  46. Ra1
Rxb4  47. Ra8  Rc4
48. g3  hxg3  49. Nxg3
Rxc5  50. Nh5  Kf7
51. Ra7+  Ke6  52. Ra8
Rc1+  53. Kg2  Bc5
54. Rb8  Rc2+  55. Kh1
Rf2  56. Ng7+  Kd7
57. Rb7+  Kc8  58. Rf7
Rxf3  59. Ne6  Bb6
60. Kg2  Re3  61. Rxf6
Rxe4  62. Kf3  Re3+
63. Kg2  b4  64. Nxg5
Kb7  65. Ne6  b3
66. Rf1  Re2+  67. Kh3
Be3  68. Rb1  b2
69. Kg3  Bc1  70. g5
Bxg5  71. Nxg5  Kb6
72. Kf3  Rc2  73. Ke3
Kb5  74. Kd3  Rg2
75. Ne4  Kb4  76. Nd2
1/2-1/2

[Event "tht Extraliga 16/17,BSS Frydek Mistek-Lysa nad Labem A"]
[Site "Lysa nad Labem"]
[Date "2017.02.26"]
[Round "8.1"]
[White "Azarov, Sergei"]
[Black "Landa, Konstantin"]
[WhiteElo "2585"]
[BlackElo "2616"]
[Result "1/2-1/2"]

1. e4  e5  2. Nf3  Nc6
3. Bb5  g6  4. O-O
Bg7  5. c3  a6
6. Ba4  d6  7. Bxc6+  bxc6
8. d4  exd4  9. cxd4
Ne7  10. h3  O-O
11. Nc3  Rb8  12. Re1
h6  13. b3  c5
14. Bb2  cxd4  15. Nxd4  c5
16. Nde2  Bb7  17. Qd2
d5  18. exd5  1/2-1/2

[Event "tht Extraliga 16/17,BSS Frydek Mistek-Lysa nad Labem A"]
[Site "Lysa nad Labem"]
[Date "2017.02.26"]
[Round "8.2"]
[White "Yemelin, Vasily"]
[Black "Fedorov, Aleksei"]
[WhiteElo "2556"]
[BlackElo "2587"]
[Result "1/2-1/2"]

1. e4  c5  2. Nf3  Nc6
3. d4  cxd4  4. Nxd4
Qb6  5. Nb3  Nf6
6. Nc3  e6  7. a3
Qc7  8. f4  d6
9. g4  a6  10. Bg2  b5
11. O-O  Be7  12. g5
Nd7  13. Kh1  Rb8
14. f5  Nde5  15. Ne2
g6  16. Nbd4  Nxd4
17. Nxd4  exf5  18. exf5
Bb7  19. Qe2  O-O
20. Bf4  Rfe8  21. Rae1
Bf8  1/2-1/2

[Event "tht Extraliga 16/17,BSS Frydek Mistek-Lysa nad Labem A"]
[Site "Lysa nad Labem"]
[Date "2017.02.26"]
[Round "8.3"]
[White "Antoniewski, Rafal"]
[Black "Stocek, Jiri"]
[WhiteElo "2531"]
[BlackElo "2566"]
[Result "1/2-1/2"]

1. e4  e6  2. d4  d5
3. Nd2  c5  4. exd5
exd5  5. Ngf3  Nc6
6. Bb5  Qe7+  7. Be2
Nf6  8. dxc5  Qxc5
9. Nb3  Qd6  10. O-O
Be7  11. Be3  O-O
12. Bc5  Qc7  13. Bxe7
Nxe7  14. Nfd4  Bd7
15. Re1  Ng6  16. Bf1
a5  17. a4  Rfe8
18. Rxe8+  Rxe8  19. Qd2
b6  20. f3  1/2-1/2

[Event "tht Extraliga 16/17,BSS Frydek Mistek-Lysa nad Labem A"]
[Site "Lysa nad Labem"]
[Date "2017.02.26"]
[Round "8.4"]
[White "Plat, Vojtech"]
[Black "Zwardon, Vojtech"]
[WhiteElo "2508"]
[BlackElo "2398"]
[Result "1-0"]

1. d4  Nf6  2. Nf3  e6
3. g3  b5  4. Bg2
Bb7  5. O-O  c5
6. a4  b4  7. Nbd2  cxd4
8. Nb3  Be7  9. a5
O-O  10. Nbxd4  Be4
11. Bd2  Nc6  12. Nxc6
Bxc6  13. c3  Ne4
14. cxb4  Nxd2  15. Qxd2
Rb8  16. Ne5  Bxb4
17. Qd4  Bxa5  18. Bxc6
dxc6  19. Qxd8  Bxd8
20. Nd7  Bb6  21. Rfd1
Rb7  22. Nxf8  Kxf8
23. Rac1  c5  24. Kf1
Ke7  25. e4  Bd8
26. Rc2  Bb6  27. Ke2
g5  28. b3  g4
29. e5  h5  30. Rd3  Rb8
31. Rc4  Rg8  32. h4
gxh3  33. Rh4  Rg4
34. Rxh5  c4  35. bxc4
Rxc4  36. f4  Rc2+
37. Rd2  Rc3  38. Rxh3
Re3+  39. Kf1  Rb3
40. Kg2  a5  41. Ra2
Bd8  42. Rh1  Rb5
43. Rc1  Rb8  44. Rc3
Ra8  45. Kf3  Kf8
46. g4  Kg7  47. Ke4
Rb8  48. Rd3  Bc7
49. Rc2  Rb7  50. Rc4
Bb8  51. Rd8  f6
52. Rcc8  Rb4+  53. Ke3
1-0

[Event "tht Extraliga 16/17,BSS Frydek Mistek-Lysa nad Labem A"]
[Site "Lysa nad Labem"]
[Date "2017.02.26"]
[Round "8.5"]
[White "Rojicek, Vojtech"]
[Black "Krejci, Jan"]
[WhiteElo "2407"]
[BlackElo "2509"]
[Result "0-1"]

1. d4  Nf6  2. c4  e6
3. Nf3  d5  4. cxd5
exd5  5. Nc3  c6
6. Bg5  Bf5  7. e3
Nbd7  8. Bd3  Bxd3
9. Qxd3  Bd6  10. O-O
O-O  11. Rfe1  Re8
12. Qc2  h6  13. Bxf6
Nxf6  14. h3 Qe7  15. a3
a5  16. Rad1  Rad8
17. Nd2  Bc7  18. e4
dxe4  19. Ndxe4  Nxe4
20. Rxe4  Qd6  21. g3
Rxe4  22. Qxe4  Bb6
23. Kg2  Qf6  24. Ne2
Rd5  25. Rd3  Qd8
26. a4  Qd7  27. Qg4
f5  28. Qf3  Ba7
29. h4 c5  30. h5  Bb8
31. Rb3  cxd4  32. Nxd4
Rxd4  33. Rxb7  Bc7
34. Rb5  f4  35. Qb3+
Kh8  0-1

[Event "tht Extraliga 16/17,BSS Frydek Mistek-Lysa nad Labem A"]
[Site "Lysa nad Labem"]
[Date "2017.02.26"]
[Round "8.6"]
[White "Oral, Tomas"]
[Black "Jasny, Stanislav"]
[WhiteElo "2505"]
[BlackElo "2353"]
[Result "1-0"]

1. e4  c5  2. Nf3  d6
3. Bb5+  Bd7  4. Bxd7+
Qxd7  5. c4  Nf6
6. Nc3  g6  7. d4 cxd4
8. Nxd4  Bg7  9. f3
O-O  10. Be3  Rc8
11. b3  Nc6  12. O-O
Qd8  13. Qd2  Qa5
14. Rfd1  a6  15. a4
Nd7  16. Nde2  h5
17. Kh1  Kh7  18. Rab1
Qd8  19. Qe1  Qf8
20. Qh4  Kg8  21. Bg5
Bf6  22. Bxf6  Nxf6
23. Nd5  Nd7  24. f4
e6  25. Ndc3  Nb4
26. e5  Nc5  27. Rxd6
Rd8  28. Rbd1  Nbd3
29. Qg3  Rxd6  30. exd6
Rd8  31. Rxd3  Nxd3
32. Qxd3  Qxd6  33. Qxd6
Rxd6  34. Kg1  Rd3
35. b4  b6  36. Kf2
Kf8  37. b5  a5
38. c5  bxc5  39. Ne4  c4
40. Nc5  Rd2  41. Ke3
Rb2  42. Nb7  Ra2
43. Nc3  Rxg2  44. Nxa5
Ke7  45. b6  Kd7
46. b7  Kc7  47. Nb5+
Kb8  48. Nd4  1-0

[Event "tht Extraliga 16/17,BSS Frydek Mistek-Lysa nad Labem A"]
[Site "Lysa nad Labem"]
[Date "2017.02.26"]
[Round "8.7"]
[White "Vesselovsky, Serguei"]
[Black "Jansa, Vlastimil"]
[WhiteElo "2333"]
[BlackElo "2452"]
[Result "1/2-1/2"]

1. Nf3  d6  2. e4  c5
3. g3  Nc6  4. Bg2
g6  5. O-O  Bg7
6. d3  e5  7. Nc3  Nge7
8. Nd2  O-O  9. Nc4
Be6  10. Nd5  Qd7
11. a4  Rae8  12. c3
f5  13. a5  Rf7
14. f4  fxe4  15. dxe4  Nc8
16. Be3  exf4  17. Bxf4
Bh3  18. Bxh3  Qxh3
19. Nxd6  Nxd6  20. Bxd6
Rxf1+  21. Qxf1  Qxf1+
22. Kxf1  Rxe4  23. Bxc5
Re5  24. Rd1  Nxa5
25. Bxa7  Nc4  26. b3
Na5  27. Bb8  Re8
28. Bf4  Nxb3  29. Rb1
Nc5  30. Rb5  Ne4
31. c4  g5  32. Be3
Nd6  33. Rb4  Re4
34. c5  Rxb4  35. Nxb4
Ne4  36. c6  bxc6
37. Nxc6  1/2-1/2

[Event "tht Extraliga 16/17,BSS Frydek Mistek-Lysa nad Labem A"]
[Site "Lysa nad Labem"]
[Date "2017.02.26"]
[Round "8.8"]
[White "Rogozenco, Dorian"]
[Black "Rabatin, Jakub"]
[WhiteElo "2473"]
[BlackElo "2272"]
[Result "1-0"]

1. d4  Nf6  2. c4  e6
3. g3  d5  4. Bg2
Bb4+  5. Nd2  c5
6. a3  Bxd2+  7. Qxd2
cxd4  8. Qxd4  Nc6
9. Qh4  O-O  10. Nf3
h6  11. O-O  b6
12. b4  Bb7  13. Bb2  dxc4
14. Qxc4  Rc8  15. Rfd1
Qe7  16. Qh4  Rfd8
17. Nd2  Nd5  18. Qh5
Nf6  19. Qh4  Nd5
20. Qh3  Ba6  21. e4
Nf6  22. e5  Nd7
23. Qh5  Ncxe5  24. Bxe5
g6  25. Qxh6  Nxe5
26. Ne4  Rxd1+  27. Rxd1
Rd8  28. Rc1  Rc8
29. Rd1  Rd8  30. Rc1
Rc8  31. Rxc8+  Bxc8
32. Qf4  Nc6  33. h4
e5  34. Qh6  Nd4
35. h5  Bf5  36. Ng5
Qf6  37. Bd5  Ne6
38. Qh7+  Kf8  39. Nxe6+
Bxe6  40. Bxe6  Qxe6
41. Qh8+  Ke7  42. h6
Qd5  43. Qb8  Qd1+
44. Kg2  Qd5+  45. Kh2
e4  46. Qxa7+  Kf8
47. Qb8+  Ke7  48. Qc7+
Ke8  49. Qc8+  Ke7
50. h7  1-0

[Event "tht Extraliga 16/17,Rapid Pardubice-Duras Brno"]
[Site "Brno"]
[Date "2017.02.26"]
[Round "8.1"]
[White "Rodshtein, Maxim"]
[Black "Shengelia, David"]
[WhiteElo "2699"]
[BlackElo "2575"]
[Result "1-0"]
[PlyCount "97"]

1. d4 Nf6 2. c4 e6 3. Nf3 b6 4. g3 Ba6 5. Qa4 Bb7 6. Bg2 g6 7. O-O Bg7 8. Qc2
Na6 9. Nc3 c5 10. e4 cxd4 11. Nxd4 O-O 12. Rd1 e5 13. Ndb5 Bc6 14. b3 Nc5 15.
Ba3 a6 16. Nd6 Qb8 17. Qd2 Rd8 18. Rab1 Bf8 19. Qg5 Ne8 20. Nxe8 Rxe8 21. Qe3
a5 22. Nd5 Bxd5 23. Rxd5 Ra7 24. Rbd1 d6 25. Bh3 Qc7 26. Bb2 a4 27. b4 Ne6 28.
a3 Qxc4 29. Qxb6 Rc7 30. Qe3 Rec8 31. R5d2 Be7 32. Bf1 Qc6 33. h4 Qb7 34. Qd3
Rc6 35. Qb5 Qa7 36. Bh3 Bf8 37. Qd5 Qe7 38. Qd3 Bh6 39. Re2 Bc1 40. b5 Rc5 41.
b6 R8c6 42. Bxe6 fxe6 43. Bxc1 Rxc1 44. Rxc1 Rxc1+ 45. Kg2 Rc6 46. Qa6 Kf7 47.
Rb2 d5 48. Qxa4 Rc8 49. Rc2 1-0

[Event "tht Extraliga 16/17,Rapid Pardubice-Duras Brno"]
[Site "Brno"]
[Date "2017.02.26"]
[Round "8.2"]
[White "Ponizil, Cyril"]
[Black "Kempinski, Robert"]
[WhiteElo "2494"]
[BlackElo "2592"]
[Result "1/2-1/2"]
[PlyCount "109"]

1. e4 d6 2. d4 Nf6 3. Nc3 g6 4. h3 Bg7 5. Be3 a6 6. a4 O-O 7. Nf3 Nbd7 8. Qd2
e5 9. dxe5 Nxe5 10. Nxe5 dxe5 11. Qxd8 Rxd8 12. Bc4 Bd7 13. O-O-O Bf8 14. Nd5
Nxe4 15. f3 Nd6 16. Bb3 Be6 17. Bc5 Bxd5 18. Rxd5 b6 19. Ba3 e4 20. Bxd6 Bxd6
21. fxe4 Re8 22. Re1 Re7 23. Rd3 a5 24. Bd5 Rf8 25. Rf1 Kg7 26. g4 Re5 27. Rdf3
f6 28. c3 h5 29. gxh5 Rxh5 30. Kc2 Rg5 31. Rd1 Rh8 32. Bc6 Rg2+ 33. Rd2 Rxd2+
34. Kxd2 Rh5 35. Bd7 Re5 36. Kd3 Be7 37. Bg4 Kh6 38. Bc8 Kh5 39. Rf1 Kg5 40.
Rg1+ Kh6 41. Rf1 Kg7 42. Bg4 Bf8 43. Bc8 Re8 44. Bg4 Kf7 45. h4 Re5 46. h5 gxh5
47. Bf5 c6 48. Rh1 b5 49. axb5 cxb5 50. Rxh5 b4 51. Rh7+ Kg8 52. Ra7 bxc3 53.
Kxc3 Bb4+ 54. Kd3 Re7 55. Rxe7 1/2-1/2

[Event "tht Extraliga 16/17,Rapid Pardubice-Duras Brno"]
[Site "Brno"]
[Date "2017.02.26"]
[Round "8.3"]
[White "Votava, Jan"]
[Black "Polak, Tomas"]
[WhiteElo "2525"]
[BlackElo "2508"]
[Result "0-1"]
[PlyCount "68"]

1. Nf3 Nf6 2. c4 b6 3. g3 Bb7 4. Bg2 e6 5. O-O Be7 6. d4 O-O 7. Re1 d5 8. cxd5
exd5 9. Nc3 Nbd7 10. Bf4 c5 11. Ne5 Nxe5 12. Bxe5 Ne4 13. dxc5 Bxc5 14. e3 Re8
15. Bd4 Rc8 16. Bxe4 dxe4 17. Bxc5 bxc5 18. Qxd8 Rexd8 19. Red1 Rd3 20. Rxd3
exd3 21. Kf1 Rd8 22. e4 f5 23. f3 fxe4 24. Nxe4 Bxe4 25. fxe4 Rd4 26. Re1 Kf7
27. Kf2 Ke6 28. b3 Ke5 29. Kf3 d2 30. Rd1 Rd3+ 31. Ke2 Kxe4 32. Rxd2 Rxd2+ 33.
Kxd2 Kf3 34. Kd3 Kg2 0-1

[Event "tht Extraliga 16/17,Rapid Pardubice-Duras Brno"]
[Site "Brno"]
[Date "2017.02.26"]
[Round "8.4"]
[White "Simacek, Pavel"]
[Black "Petr, Martin"]
[WhiteElo "2484"]
[BlackElo "2494"]
[Result "1/2-1/2"]
[PlyCount "43"]

1. e4 e6 2. d4 d5 3. Nd2 c5 4. Ngf3 cxd4 5. exd5 Qxd5 6. Bc4 Qd8 7. O-O Nc6 8.
Nb3 a6 9. Nbxd4 Nxd4 10. Nxd4 Qc7 11. Bb3 Bd6 12. Kh1 Ne7 13. Ba4+ Bd7 14.
Bxd7+ Qxd7 15. Qe2 Rd8 16. Rd1 O-O 17. Nf3 Qc8 18. c4 Bc5 19. Bd2 Nc6 20. Bc3
Rxd1+ 21. Rxd1 Rd8 22. Kg1 1/2-1/2

[Event "tht Extraliga 16/17,Rapid Pardubice-Duras Brno"]
[Site "Brno"]
[Date "2017.02.26"]
[Round "8.5"]
[White "Repka, Christopher"]
[Black "Blahynka, Martin"]
[WhiteElo "2452"]
[BlackElo "2425"]
[Result "1/2-1/2"]
[PlyCount "143"]

1. d4 Nf6 2. Nf3 b6 3. Bf4 Bb7 4. e3 e6 5. h3 Ne4 6. c3 d5 7. a4 a5 8. Bb5+ Bc6
9. Bd3 Nd7 10. Nbd2 Bd6 11. O-O O-O 12. Qc2 f5 13. c4 Nxd2 14. Nxd2 Qf6 15.
Bxd6 cxd6 16. Rfc1 Qg6 17. Bf1 Rac8 18. cxd5 Bb7 19. Qd3 Bxd5 20. Qb5 Rcd8 21.
Rc7 Nf6 22. Qd3 Rc8 23. Rac1 Rxc7 24. Rxc7 Qe8 25. Qc2 Qb8 26. Be2 h6 27. f3
Kh8 28. Ba6 Qa8 29. Bb5 Qb8 30. Ba6 Qa8 31. Bc8 Qb8 32. Rc3 Re8 33. Ba6 Qa8 34.
Bb5 Rd8 35. b3 Bb7 36. Bc4 Re8 37. Qd3 Qb8 38. Bb5 Rc8 39. Rxc8+ Qxc8 40. Qc4
d5 41. Qxc8+ Bxc8 42. Kf2 Kg8 43. Nb1 Kf7 44. Na3 Ne8 45. Bxe8+ Kxe8 46. Kg3 g5
47. h4 Ba6 48. hxg5 hxg5 49. f4 g4 50. Kf2 Bd3 51. g3 Kd7 52. Ke1 Kc6 53. Kd2
Bf1 54. Nc2 Ba6 55. Ne1 Bf1 56. Kc3 Kc7 57. b4 Be2 58. Kb3 Bd1+ 59. Ka3 Be2 60.
Ng2 Bd1 61. Nh4 Kd6 62. Ng6 Bc2 63. Ne5 Kc7 64. b5 Kd6 65. Nc6 Kc7 66. Na7 Kb7
67. Nc6 Kc7 68. Ne7 Kd7 69. Ng6 Kd6 70. Nh8 Ke7 71. Ng6+ Kd6 72. Nh4 1/2-1/2

[Event "tht Extraliga 16/17,Rapid Pardubice-Duras Brno"]
[Site "Brno"]
[Date "2017.02.26"]
[Round "8.6"]
[White "Roubalik, Jakub"]
[Black "Konopka, Michal"]
[WhiteElo "2409"]
[BlackElo "2397"]
[Result "0-1"]
[PlyCount "84"]

1. d4 d5 2. c4 c6 3. Nc3 Nf6 4. Nf3 g6 5. Bf4 Bg7 6. e3 O-O 7. h3 c5 8. dxc5
Ne4 9. Rc1 Nd7 10. cxd5 Qa5 11. Bd3 Nxc3 12. Qd2 Qxa2 13. bxc3 Qxd5 14. e4 Qc6
15. O-O Nxc5 16. Qe3 Nxd3 17. Qxd3 Be6 18. Rfd1 a5 19. Nd4 Qa6 20. Qe3 Bc4 21.
e5 f6 22. Re1 fxe5 23. Bxe5 Bxe5 24. Qxe5 Qf6 25. Qe3 a4 26. Nf3 b5 27. Ne5 Qf4
28. Nxc4 Qxc4 29. Qxe7 a3 30. Rcd1 a2 31. Rd7 Qf7 32. Ra1 Qxf2+ 33. Kh1 Qf7 34.
Qd6 Qc4 35. Rc7 Rf1+ 36. Kh2 Qf4+ 37. Qxf4 Rxf4 38. Rb7 Rf5 39. Rd7 Rf2 40. Rd4
Rb2 41. Rb4 Rxb4 42. cxb4 Kf7 0-1

[Event "tht Extraliga 16/17,Rapid Pardubice-Duras Brno"]
[Site "Brno"]
[Date "2017.02.26"]
[Round "8.7"]
[White "Pulpan, Jakub"]
[Black "Vyskocil, Neklan"]
[WhiteElo "2400"]
[BlackElo "2326"]
[Result "1/2-1/2"]
[PlyCount "134"]

1. d4 d5 2. Bf4 Nf6 3. e3 e6 4. Nd2 Bd6 5. Bg3 O-O 6. Ngf3 c5 7. c3 Nc6 8. Bb5
Qe7 9. Bxc6 bxc6 10. Qa4 Bxg3 11. hxg3 Qb7 12. Qa3 c4 13. b3 cxb3 14. axb3 Re8
15. Ne5 Nd7 16. Ndf3 Nxe5 17. Nxe5 f6 18. Nd3 e5 19. O-O Bg4 20. Nc5 Qc7 21.
Ra2 e4 22. Qa5 Qd6 23. Rfa1 Re7 24. Na6 Rc8 25. Qb4 Qe6 26. Qc5 h5 27. Nb4 h4
28. Rxa7 Rxa7 29. Rxa7 hxg3 30. fxg3 Bd1 31. Ra6 Qg4 32. Rxc6 Rxc6 33. Qxc6
Bxb3 34. Qe8+ Kh7 35. Nc6 Ba4 36. Qa8 Bxc6 37. Qxc6 Qxg3 38. Qxd5 Qxe3+ 39. Kh2
Qf4+ 40. Kg1 Qe3+ 41. Kh2 Qf4+ 42. Kg1 Kg6 43. Qe6 e3 44. Qe8+ Kg5 45. Qb5+ f5
46. Qe2 Qe4 47. g3 g6 48. d5 Qe5 49. Kh2 Qxc3 50. Kg2 Qd4 51. Kf1 Qe4 52. Kg1
Kf6 53. Qa6+ Kg7 54. Qe2 Kf7 55. Kh2 Ke7 56. Kg1 Qe5 57. Kh2 Qd4 58. Qa6 Qe5
59. Qa7+ Kd6 60. Qb8+ Kxd5 61. Qb5+ Ke4 62. Qb1+ Kd5 63. Qb5+ Kd4 64. Qb2+ Kd5
65. Qb5+ Ke6 66. Qe8+ Kd6 67. Qb8+ Kd5 1/2-1/2

[Event "tht Extraliga 16/17,Rapid Pardubice-Duras Brno"]
[Site "Brno"]
[Date "2017.02.26"]
[Round "8.8"]
[White "Chytilek, Roman"]
[Black "Hlavnicka, Jiri"]
[WhiteElo "2328"]
[BlackElo "2146"]
[Result "1/2-1/2"]
[PlyCount "47"]

1. Nf3 Nf6 2. c4 e6 3. Nc3 d5 4. d4 Be7 5. Bf4 c6 6. e3 Nbd7 7. a3 O-O 8. cxd5
Nxd5 9. Nxd5 exd5 10. Bd3 c5 11. O-O c4 12. Bc2 Nf6 13. Ne5 Be6 14. b3 cxb3 15.
Bxb3 Ne4 16. f3 Nd6 17. Bc2 Qa5 18. Qb1 h6 19. Nd3 b6 20. Nb4 Rfc8 21. Bh7+ Kh8
22. Bxd6 Bxd6 23. Bf5 Rc3 24. e4 1/2-1/2

[Event "tht Extraliga 16/17,SK AD Jicin-Lokomotiva Brno"]
[Site "Brno"]
[Date "2017.02.26"]
[Round "8.1"]
[White "Gajewski, Grzegorz"]
[Black "Biolek, Richard"]
[WhiteElo "2613"]
[BlackElo "2431"]
[Result "1-0"]
[PlyCount "173"]

1. d4 Nf6 2. c4 g6 3. Nc3 d5 4. e3 Bg7 5. cxd5 Nxd5 6. Bc4 Nxc3 7. bxc3 O-O 8.
Nf3 c5 9. O-O Qc7 10. Qe2 b6 11. e4 Bg4 12. Be3 Nc6 13. Rac1 Na5 14. Bd3 e5 15.
h3 Bxf3 16. Qxf3 Qd7 17. Qg4 Qxg4 18. hxg4 exd4 19. cxd4 cxd4 20. Bd2 Nb7 21.
Bb4 Rfc8 22. Ba6 Rxc1 23. Rxc1 Nd8 24. f4 Ne6 25. f5 Bh6 26. Rc6 Nc5 27. Bxc5
bxc5 28. Kf2 Re8 29. Kf3 Bg5 30. Bc4 Kg7 31. a4 Bf6 32. a5 Re7 33. Rxc5 g5 34.
a6 Be5 35. Ke2 Bc7 36. Kd3 f6 37. Rd5 Be5 38. Kc2 Rc7 39. Kb3 Kf8 40. Rd8+ Ke7
41. Rh8 d3 42. Rxh7+ Kd8 43. Rh3 d2 44. Rd3+ Rd7 45. Bd5 Rd6 46. Rxd2 Rxa6 47.
Bc4+ Rd6 48. Ra2 Rb6+ 49. Kc2 Kc8 50. Be6+ Kb8 51. Kd3 a6 52. Kc4 Rc6+ 53. Kb4
Kc7 54. Bd5 Bd6+ 55. Kb3 Rb6+ 56. Kc4 Rb4+ 57. Kd3 Kb6 58. Rc2 Bc5 59. Bc4 Bd6
60. Bd5 Bc5 61. Ke2 Kb5 62. g3 Rd4 63. Bb7 Kb6 64. e5 fxe5 65. Bxa6 Rxg4 66. f6
Rd4 67. f7 Rd8 68. Kf3 Kc6 69. Kg4 Rf8 70. Bc4 e4 71. Kxg5 e3 72. Kf6 Bd4+ 73.
Ke6 Rh8 74. Rh2 Rf8 75. g4 Kc5 76. Be2 Rb8 77. Rh5+ Kc6 78. Bf3+ Kc7 79. Rd5
Rb6+ 80. Kf5 Rf6+ 81. Ke4 Bb2 82. Rf5 Rxf5 83. Kxf5 Ba3 84. Ke6 Kd8 85. g5 Bf8
86. Be2 Bg7 87. g6 1-0

[Event "tht Extraliga 16/17,SK AD Jicin-Lokomotiva Brno"]
[Site "Brno"]
[Date "2017.02.26"]
[Round "8.2"]
[White "Druska, Juraj"]
[Black "Oleksiyenko, Mykhaylo"]
[WhiteElo "2441"]
[BlackElo "2643"]
[Result "1/2-1/2"]
[PlyCount "80"]

1. e4 c5 2. Nf3 Nc6 3. d4 cxd4 4. Nxd4 Nf6 5. Nc3 e5 6. Ndb5 d6 7. Bg5 a6 8.
Na3 b5 9. Nd5 Be7 10. Bxf6 Bxf6 11. c4 b4 12. Nc2 O-O 13. Be2 a5 14. O-O Bg5
15. Qd3 Rb8 16. b3 Be6 17. Rad1 g6 18. f4 exf4 19. Nxf4 Qb6+ 20. Kh1 Ne5 21.
Qd4 Bxf4 22. Rxf4 Qc5 23. Qd2 Rbd8 24. Nd4 Nc6 25. Nxc6 Qxc6 26. Rh4 f6 27. Rf4
Kg7 28. h3 Qc5 29. Rf3 Rf7 30. Rd3 Rfd7 31. Qf4 Qe5 32. Qe3 h5 33. Bf3 Qc5 34.
Qd2 Qe5 35. Qe3 Kf7 36. Qh6 Qg5 37. Qh7+ Kf8 38. Qh8+ Kf7 39. Qh7+ Kf8 40. Qh8+
Kf7 1/2-1/2